| 000 | 03134cam a22005894i 4500 | ||
|---|---|---|---|
| 003 | PE-LiUPU | ||
| 005 | 20250731180154.0 | ||
| 008 | 150706s1985 r 000 0 d | ||
| 020 | _a8429170588 | ||
| 020 | _a8429170596(q) | ||
| 020 | _a9788429170597 | ||
| 035 | _a(Sirsi) i9788429170580 | ||
| 040 |
_aPE-LiUPU _bspa _cPE-LiUPU _erda |
||
| 049 | _aPRUA | ||
| 082 | 0 | 4 |
_a541.1 _bB23 _221 |
| 100 | 1 |
_aBarrow, Gondon M, _eautor. |
|
| 245 | 1 | 0 |
_aQuímica física / _cGordon M. Barrow. |
| 264 | 1 |
_aBarcelona Reverté : _bReverté, _c1985. |
|
| 300 |
_aXXI,490 páginas : _bilustraciones ; _c22 cm. |
||
| 336 |
_atext _2rdacontent |
||
| 337 |
_aunmediated _2rdamedia |
||
| 338 |
_avolume _2rdacarrier |
||
| 500 | _aTraducción de: Physical chemistry. | ||
| 505 | 0 | _aPropiedades de los gases -- Teoría cinético-molecular de los gases -- Introducción a la mecánica cuántica -- La energía en las colectividades moléculas: el acceso al mundo molecular -- Primer principio de termodinámica -- Termodinámica -- Entropía y segundo y tercer principio de termodinámica -- Energía libre y equilibrio químico -- Estudio termodinámico de los sistemas multicomponentes -- Equilibrios entre fases -- Mecánica cuántica y estructura atómica -- Simetría y teoría de grupo -- La teoría del enlace químico -- Estudio experimental de la estructura molecular: Métodos espectroscópicos -- Estudio experimental de la estructura de los cristales y las molécular: Métodos de difracción -- Estudio experimental de las propiedades eléctricas y magnéticas de las moléculas -- Naturaleza de los electrolitos en disolución -- Fuerza electromotriz de las pilas químicas -- Velocidad y mecanismo de las reacciones químicas -- Fotoquímica -- Superficies y catálisis heterogénea -- Macromoléculas -- Cuestiones matemáticas -- Tablas de propiedades -- Tablas de caracteres de una selección de grupos puntuales.-Unidades SI. | |
| 526 | _aSEG44 | ||
| 526 | _aSEG26 | ||
| 526 | _aP159 | ||
| 526 | _aP155 | ||
| 526 | _aP154 | ||
| 526 | _aP153 | ||
| 526 | _aP150 | ||
| 526 | _aP100 | ||
| 526 | _aP31 | ||
| 526 | _aP30 | ||
| 526 | _aP26 | ||
| 526 | _aP25 | ||
| 526 | _aP24 | ||
| 526 | _aP22 | ||
| 526 | _aP15 | ||
| 526 | _aP10 | ||
| 541 | _g015-0016195; | ||
| 541 | _g015-0016195; | ||
| 650 | 0 | 4 | _aQuímica. |
| 650 | 0 | 4 | _aFísica superior. |
| 910 | _agl20131122 | ||
| 942 |
_2ddc _cBOOK |
||
| 949 |
_a541.1 B23 _wDEWEY _c1 _i69240 _lCCODEBUL1 _mBUL _p50.00 _r0 _sY _tBOOK _u2015-7-6 _xINGENIERIA _PP24 _o.STAFF. Colección General |
||
| 994 |
_aC0 _bPEPRU |
||
| 596 | _a1 | ||
| 999 |
_a541.1 B23 _wDEWEY _c56233 _i69241 _f2021-11-5 _g7 _lCCODEBUL1 _mBUL _p50.00 _r0 _sY _tBOOK _u2016-9-13 _xBIBLIOTECA _PP24 _0COMPRA _o.STAFF. Colección General _d56233 |
||
| 999 |
_a541.1 B23 _wDEWEY _c2 _i69240 _d2018-4-23 _e2018-4-16 _f2021-11-5 _g7 _lCCODEBUL1 _mBUL _n4 _p50.00 _r0 _sY _tBOOK _u2015-7-6 _xBIBLIOTECA _PP24 _0COMPRA _o.STAFF. Colección Ingenieria y Arquitectura |
||
| 980 |
_81 _gALBERTO SANCHEZ Responsable de Automatización |
||